<?xml version="1.0" encoding="UTF-8"?><?xml-stylesheet type="text/xsl" href="static/style.xsl"?><OAI-PMH xmlns="http://www.openarchives.org/OAI/2.0/" xmlns:xsi="http://www.w3.org/2001/XMLSchema-instance" xsi:schemaLocation="http://www.openarchives.org/OAI/2.0/ http://www.openarchives.org/OAI/2.0/OAI-PMH.xsd"><responseDate>2026-04-14T02:52:49Z</responseDate><request verb="GetRecord" identifier="oai:www.recercat.cat:2072/172640" metadataPrefix="marc">https://recercat.cat/oai/request</request><GetRecord><record><header><identifier>oai:recercat.cat:2072/172640</identifier><datestamp>2026-01-15T12:32:38Z</datestamp><setSpec>com_2072_95354</setSpec><setSpec>com_2072_5211</setSpec><setSpec>col_2072_95357</setSpec></header><metadata><record xmlns="http://www.loc.gov/MARC21/slim" xmlns:dcterms="http://purl.org/dc/terms/" xmlns:xsi="http://www.w3.org/2001/XMLSchema-instance" xmlns:doc="http://www.lyncode.com/xoai" xsi:schemaLocation="http://www.loc.gov/MARC21/slim http://www.loc.gov/standards/marcxml/schema/MARC21slim.xsd">
   <leader>00925njm 22002777a 4500</leader>
   <datafield ind2=" " ind1=" " tag="042">
      <subfield code="a">dc</subfield>
   </datafield>
   <datafield ind2=" " ind1=" " tag="720">
      <subfield code="a">Institut Català Internacional per la Pau</subfield>
      <subfield code="e">author</subfield>
   </datafield>
   <datafield ind2=" " ind1=" " tag="260">
      <subfield code="c">2011-11-17T10:24:46Z</subfield>
   </datafield>
   <datafield ind2=" " ind1=" " tag="520">
      <subfield code="a">Relatoria de las jornadas internacionales “Paz, Conflicto y seguridad en África. Nuevos retos y Nuevas perspectivas” realizadas en Barcelona en noviembre de 2010 y coorganizadas por el Instituto Catalán Internacional para la Paz (ICIP), la Casa África y el Centre de Cultura Contemporània de Barcelona (CCCB). Las jornadas tenían por objeto analizar las situaciones vinculadas a la paz, los conflictos y la seguridad en África, pero tratando de huir de las visiones pesimistas y adoptando una perspectiva constructiva. Por lo tanto no centrada en los conflictos violentos sino también en las experiencias de paz y resolución de conflictos, y fundamentada en las cosmovisiones africanas, intentando abandonar los clichés que ofrecen una imagen negativa i estereotipada de África.</subfield>
   </datafield>
   <datafield ind1="8" ind2=" " tag="024">
      <subfield code="a">2013-9969</subfield>
   </datafield>
   <datafield ind1="8" ind2=" " tag="024">
      <subfield code="a">http://hdl.handle.net/2072/172640</subfield>
   </datafield>
   <datafield ind2="0" ind1="0" tag="245">
      <subfield code="a">Pau, conflicte i seguretat a l'Àfrica. Nous reptes i noves perspectives. Barcelona, 3 a 5 de novembre de 2010</subfield>
   </datafield>
</record></metadata></record></GetRecord></OAI-PMH>